00951nas a2200241Ia 4500001001100000003000900011008004100020040001300061040001300074041001300087100003800100210001000138222001000148245007100158250001100229260003100240501008600271300001100357310001200368362003200380500026000412650003700672R308/46431IT-RoPAU151124c99999999xx |||||||||||| ||und|| aIT-RoPAU cIT-RoPAU aITALIANO aAA.VV. gCodice Aut. SPICS: 12000 aLINUS aLinus aLINUS, ANNO 12-N.03 (MARZO 1976)bLinus, Anno 12-N.03 (Marzo 1976) a1a ed. aMILANObMILANO LIBRIc1976 bPaulus - SPICS - Società San Paolo EM (non-commercial uses only)cCopyright2015 a114 p. aMENSILE aANNO 012, N.03 (MARZO 1976) aPeanuts di C. Schulz. Un Certo Daneri di Breccia e Trillo. Crock di Rechine Parker. Napoleon. Cortomaltese di H. Pratt. Il Dottor Rigolo di Pericolie Pirella. Come Va la Nuova Sinistra? di Pintor e Corvisieri. L'Ultima Donna di Ferreri Intervista di P. Me aFUMETTOvPUBBLICAZIONE PERIODICA